000 01277nam a2200361 a 4500
001 000113162
003 CHAP
005 20220329144341.0
008 170504s2016 mx a fsm |||||||spa d
010 _a109623
011 _a110595
040 _cCHAP
090 _aTesis
100 1 _aContreras Estrada, Efraim
_9132117
245 1 0 _aCalcio y potasio en la calidad poscosecha de tomate
_h[En línea]
_cpor Efraim Contreras Estrada.
260 _aChapingo, Méx. :
_bEl autor,
_c2016.
500 _aPara ver el contenido del material haga clic en la liga
502 _aTesis (Lic. en Agronomía en Horticultura Protegida) -- UACH. Departamento de Fitotecnia
590 _aBATCH
_b00
_c20181121
_lUCH01
_h0759
590 _aE11695DGD
_b10
_c20170508
_lUCH01
_h0902
590 _aE8697GMM
_b05
_c20170504
_lUCH01
_h1301
590 _aE8697GMM
_b05
_c20170504
_lUCH01
_h1309
650 1 4 _aCalcio
_xEfecto en tomate.
_917339
650 1 4 _aPotasio
_xEfecto en tomate.
_991116
650 1 4 _aTomate
_xCalidad.
_9113692
650 1 4 _aTomate
_xCrecimiento
_xEstimulantes.
_9130290
650 1 4 _aTomate
_xMejoramiento.
_9113737
856 _a1
_n0001689
856 _aFinding aid
_uhttp://10.13.5.2/tesis/sist113162.pdf
_zTeclea aquí
901 _aBK
942 _cTESIS
942 _n0
999 _c109623
_d109623